00425nam a22001577a 450000500170000001000130001702000230003003500130005303700100006608200110007610000220008724500630010926000370017227000360020930000220024520110930160051.0 aG-001662 a818957616Xc250.001daG-001662 bGift  a370.92 aWashington, B.T.  aUp from slavery ;cby B.T. Washington ban autobiography / aHapurbKalptaru Prakashan c2009 a64, Revti Kunj, bHapure245101 a191p. c24cm(Hb)